000
00312nam a22001337a 4500
008
171106b xxu||||| |||| 00| 0 eng d
020
_a
2900135009375
041
_a
eng
080
_2
11TH
_a
330.722.6
100
_a
61
101
_a
KON
245
_a
ACCOUNTING INFORMATION SYSTEMS
_c
ROMNEY,M.B
942
_2
udc
_c
BK
999
_c
37722
_d
37722